<?xml version="1.0" encoding="UTF-8"?>
<record
    xmlns:xsi="http://www.w3.org/2001/XMLSchema-instance"
    xsi:schemaLocation="http://www.loc.gov/MARC21/slim http://www.loc.gov/standards/marcxml/schema/MARC21slim.xsd"
    xmlns="http://www.loc.gov/MARC21/slim">

  <leader>01309nam a2200337Ia 4500</leader>
  <controlfield tag="001">ocm50462818 </controlfield>
  <controlfield tag="003">OCoLC</controlfield>
  <controlfield tag="005">20220326193328.0</controlfield>
  <controlfield tag="008">020510s2002    gw a     bc   000 0 ger d</controlfield>
  <datafield tag="020" ind1=" " ind2=" ">
    <subfield code="a">3923701977</subfield>
  </datafield>
  <datafield tag="040" ind1=" " ind2=" ">
    <subfield code="a">ZXW</subfield>
    <subfield code="b">ger</subfield>
    <subfield code="c">ZXW</subfield>
    <subfield code="d">AVA</subfield>
  </datafield>
  <datafield tag="041" ind1="0" ind2=" ">
    <subfield code="a">gerdaneng</subfield>
  </datafield>
  <datafield tag="049" ind1=" " ind2=" ">
    <subfield code="a">AVAM</subfield>
    <subfield code="l">e</subfield>
  </datafield>
  <datafield tag="082" ind1=" " ind2=" ">
    <subfield code="a">759.89</subfield>
    <subfield code="b">C 555t</subfield>
  </datafield>
  <datafield tag="100" ind1="1" ind2=" ">
    <subfield code="a">Christiansen, Jesper.</subfield>
    <subfield code="9">3010</subfield>
  </datafield>
  <datafield tag="245" ind1="1" ind2="0">
    <subfield code="a">Jesper Christiansen :</subfield>
    <subfield code="b">Tinnitus Light /</subfield>
    <subfield code="c">edited by Beate Ermacora.</subfield>
  </datafield>
  <datafield tag="260" ind1=" " ind2=" ">
    <subfield code="a">Kiel :</subfield>
    <subfield code="b">Kunsthalle Kiel,</subfield>
    <subfield code="c">2002.</subfield>
  </datafield>
  <datafield tag="300" ind1=" " ind2=" ">
    <subfield code="a">111 p. :</subfield>
    <subfield code="b">col. ill. ;</subfield>
    <subfield code="c">28 cm.</subfield>
  </datafield>
  <datafield tag="500" ind1=" " ind2=" ">
    <subfield code="a">Catalogue of an exhibition held at Kunsthalle zu Kiel, 21 Apr. - 9 Jun. 2002; Kunstmuseet Trapholt, 13 Jun. - 18 Aug. 2002; and Bornholms Kunstmuseum, 1 Sept. - 20 Oct. 2002.</subfield>
  </datafield>
  <datafield tag="500" ind1=" " ind2=" ">
    <subfield code="a">Text in German and Danish, with an English supplement.</subfield>
  </datafield>
  <datafield tag="500" ind1=" " ind2=" ">
    <subfield code="a">Text: Peter S. Meyer, Lars Kaerulf Moller and Beate Ermacora.</subfield>
  </datafield>
  <datafield tag="600" ind1="1" ind2="0">
    <subfield code="a">Christiansen, Jesper</subfield>
    <subfield code="x">Exhibitions.</subfield>
    <subfield code="9">3011</subfield>
  </datafield>
  <datafield tag="650" ind1=" " ind2="4">
    <subfield code="a">Words in art</subfield>
    <subfield code="v">Exhibitions.</subfield>
    <subfield code="x">Arte moderno</subfield>
    <subfield code="x">Pintura</subfield>
    <subfield code="x">Pintura danesa</subfield>
    <subfield code="9">3012</subfield>
  </datafield>
  <datafield tag="700" ind1="1" ind2=" ">
    <subfield code="a">Meyer, Peter S.</subfield>
    <subfield code="9">3013</subfield>
  </datafield>
  <datafield tag="700" ind1="1" ind2=" ">
    <subfield code="a">Mller, Lars K&#xFFFD;rulf.</subfield>
    <subfield code="9">3014</subfield>
  </datafield>
  <datafield tag="700" ind1="1" ind2=" ">
    <subfield code="a">Ermacora, Beate.</subfield>
    <subfield code="9">3015</subfield>
  </datafield>
  <datafield tag="710" ind1="2" ind2=" ">
    <subfield code="a">Kunsthalle zu Kiel.</subfield>
    <subfield code="9">3016</subfield>
  </datafield>
  <datafield tag="710" ind1="2" ind2=" ">
    <subfield code="a">Kunstmuseet Trapholt.</subfield>
    <subfield code="9">3017</subfield>
  </datafield>
  <datafield tag="710" ind1="2" ind2=" ">
    <subfield code="a">Bornholms kunstmuseum.</subfield>
    <subfield code="9">3018</subfield>
  </datafield>
  <datafield tag="740" ind1="0" ind2="1">
    <subfield code="a">Tinnitus light.</subfield>
  </datafield>
  <datafield tag="999" ind1=" " ind2=" ">
    <subfield code="c">671</subfield>
    <subfield code="d">671</subfield>
  </datafield>
  <datafield tag="952" ind1=" " ind2=" ">
    <subfield code="0">0</subfield>
    <subfield code="1">0</subfield>
    <subfield code="2">ddc</subfield>
    <subfield code="4">0</subfield>
    <subfield code="7">0</subfield>
    <subfield code="a">LV</subfield>
    <subfield code="b">LV</subfield>
    <subfield code="c">Monograf&#xED;as</subfield>
    <subfield code="d">2015-06-05</subfield>
    <subfield code="l">0</subfield>
    <subfield code="o">759.89 C 555t</subfield>
    <subfield code="p">000693</subfield>
    <subfield code="r">2015-06-05 00:00:00</subfield>
    <subfield code="w">2015-06-05</subfield>
    <subfield code="y">01</subfield>
  </datafield>
</record>
